[Event "Balkan Youth Online-ch 2020"]
[Site "Online"]
[Date "2020.10.31"]
[Round "3.20"]
[White "Cvetkovski, Gjorgji"]
[Black "Nikolovski, Kiril"]
[Result "1/2-1/2"]
[WhiteElo "1332"]
[BlackElo "1282"]
[Annotator "NA RC"]
[PlyCount "58"]
[EventDate "2020.10.31"]
[EventType "swiss"]
[SourceTitle "playchess.com"]
[Source "ChessBase"]
[SourceQuality "1"]
[TimeControl "1500+5"]

1. e4 {[%emt 0:00:00]} d5 {[%emt 0:00:00]} 2. exd5 {[%emt 0:00:00]} Nf6 {[%emt 0:00:00]} 3. Nc3 {[%emt 0:00:25]} Nxd5 {[%emt 0:00:00]} 4. d4 {[%emt 0:00:24]} Nc6 {[%emt 0:00:53]} 5. Bc4 {[%emt 0:00:16]} e6 {[%emt 0:00:04]} 6. Nf3 {[%emt 0:00:40]} Bb4 {[%emt 0:00:05]} 7. Bd2 {[%emt 0:00:00]} O-O {[%emt 0:01:18]} 8. O-O {[%emt 0:00:01]} Nb6 {[%emt 0:00:58]} 9. Bd3 {[%emt 0:05:05]} Nxd4 {[%emt 0:00:38]} 10. Nxd4 {[%emt 0:00:06]} Qxd4 {[%emt 0:00:00]} 11. Qh5 {[%emt 0:00:42]} h6 {[%emt 0:00:19]} 12. Be3 {[%emt 0:02:55]} Qd8 {[%emt 0:04:33]} 13. Bxh6 {[%emt 0:03:23]} gxh6 {[%emt 0:03:36]} 14. Qg4+ {[%emt 0:01:41]} Qg5 {[%emt 0:00:17]} 15. Qxb4 {[%emt 0:00:28]} Bd7 {[%emt 0:01:16]} 16. Qe4 {[%emt 0:01:15]} Qg7 {[%emt 0:00:48]} 17. Qf4 {[%emt 0:03:04]} Bc6 {[%emt 0:02:00]} 18. Be4 {[%emt 0:00:51]} Bxe4 {[%emt 0:00:37]} 19. Qxe4 {[%emt 0:00:34]} c6 {[%emt 0:00:12]} 20. Rfe1 {[%emt 0:00:03]} Nd5 {[%emt 0:00:19]} 21. Nxd5 {[%emt 0:00:19]} cxd5 {[%emt 0:00:01]} 22. Qb4 {[%emt 0:00:17]} Rfc8 {[%emt 0:01:04]} 23. b3 {[%emt 0:01:08]} Rxc2 {[%emt 0:00:32]} 24. Rad1 {[%emt 0:00:14]} Rc7 {[%emt 0:01:09]} 25. Rd3 {[%emt 0:00:04]} Kh8 {[%emt 0:00:39]} 26. Rg3 {[%emt 0:00:06]} Qf6 {[%emt 0:00:09]} 27. Rf3 {[%emt 0:00:48]} Qg7 {[%emt 0:00:00]} 28. Qf4 {[%emt 0:00:20]} Rac8 {[%emt 0:01:13]} 29. Rg3 {[%emt 0:00:00]} Qf8 {[%emt 0:00:09]} 1/2-1/2

[Event "Balkan Youth Online-ch 2020"]
[Site "Online"]
[Date "2020.10.31"]
[Round "3.22"]
[White "Kalin, Andrei"]
[Black "Milovic, Ilija"]
[Result "0-1"]
[WhiteElo "1426"]
[BlackElo "1044"]
[Annotator "NA RC"]
[PlyCount "118"]
[EventDate "2020.10.31"]
[EventType "swiss"]
[SourceTitle "playchess.com"]
[Source "ChessBase"]
[SourceQuality "1"]
[TimeControl "1500+5"]

1. e4 {[%emt 0:00:00]} d5 {[%emt 0:00:03]} 2. exd5 {[%emt 0:00:00]} Nf6 {[%emt 0:00:02]} 3. d4 {[%emt 0:00:00]} Qxd5 {[%emt 0:00:00]} 4. c4 {[%emt 0:00:17]} Qd8 {[%emt 0:00:01]} 5. Nc3 {[%emt 0:00:00]} Bf5 {[%emt 0:00:05]} 6. Nf3 {[%emt 0:00:10]} e6 {[%emt 0:00:07]} 7. Bf4 {[%emt 0:00:30]} Nbd7 {[%emt 0:00:04]} 8. Nb5 {[%emt 0:01:38]} Bb4+ {[%emt 0:00:34]} 9. Nc3 {[%emt 0:01:17]} Ne4 {[%emt 0:00:11]} 10. Qb3 {[%emt 0:00:56]} Bxc3+ {[%emt 0:00:41]} 11. bxc3 {[%emt 0:00:00]} O-O {[%emt 0:00:00]} 12. Be2 {[%emt 0:00:17]} Qe7 {[%emt 0:00:43]} 13. O-O {[%emt 0:00:33]} b6 {[%emt 0:00:05]} 14. Rad1 {[%emt 0:02:24]} c5 {[%emt 0:00:29]} 15. Rfe1 {[%emt 0:00:37]} Rad8 {[%emt 0:00:35]} 16. Bd3 {[%emt 0:00:04]} Ndf6 {[%emt 0:00:12]} 17. Qc2 {[%emt 0:01:31]} Qb7 {[%emt 0:00:28]} 18. Be5 {[%emt 0:01:46]} Nd6 {[%emt 0:02:13]} 19. Bxf6 {[%emt 0:03:18]} gxf6 {[%emt 0:00:16]} 20. Bxf5 {[%emt 0:00:44]} Nxf5 {[%emt 0:00:01]} 21. d5 {[%emt 0:00:11]} Rfe8 {[%emt 0:01:12]} 22. Re2 {[%emt 0:04:04]} Rd6 {[%emt 0:01:13]} 23. Rde1 {[%emt 0:01:14]} Qd7 {[%emt 0:00:15]} 24. Qe4 {[%emt 0:01:44]} Ng7 {[%emt 0:00:35]} 25. Qh4 {[%emt 0:01:12]} exd5 {[%emt 0:01:11]} 26. cxd5 {[%emt 0:00:54]} Rxe2 {[%emt 0:00:20]} 27. Rxe2 {[%emt 0:00:00]} Rxd5 {[%emt 0:00:00]} 28. Qxf6 {[%emt 0:00:38]} Rd1+ {[%emt 0:00:21]} 29. Re1 {[%emt 0:00:00]} Rxe1+ {[%emt 0:00:18]} 30. Nxe1 {[%emt 0:00:00]} Qe6 {[%emt 0:00:17]} 31. Qxe6 {[%emt 0:00:12]} Nxe6 {[%emt 0:00:00]} 32. Kf1 {[%emt 0:00:00]} f5 {[%emt 0:00:04]} 33. Nd3 {[%emt 0:01:16]} c4 {[%emt 0:00:39]} 34. Nc1 {[%emt 0:00:10]} Nf4 {[%emt 0:00:05]} 35. Ne2 {[%emt 0:00:00]} Nd3 {[%emt 0:00:30]} 36. g3 {[%emt 0:00:07]} Kf7 {[%emt 0:00:00]} 37. Kg2 {[%emt 0:00:00]} Kf6 {[%emt 0:00:04]} 38. Kf3 {[%emt 0:00:00]} Ke5 {[%emt 0:00:13]} 39. Ke3 {[%emt 0:00:03]} b5 {[%emt 0:00:32]} 40. f4+ {[%emt 0:00:04]} Kd5 {[%emt 0:00:04]} 41. Nd4 {[%emt 0:00:11]} Nc1 {[%emt 0:01:24]} 42. a3 {[%emt 0:00:00]} Na2 {[%emt 0:00:37]} 43. Kd2 {[%emt 0:00:04]} Ke4 {[%emt 0:00:25]} 44. Kc2 {[%emt 0:00:01]} b4 {[%emt 0:00:34]} 45. axb4 {[%emt 0:00:28]} Nxb4+ {[%emt 0:00:05]} 46. Kd2 {[%emt 0:00:00]} Nd5 {[%emt 0:00:57]} 47. Nb5 {[%emt 0:00:01]} a5 {[%emt 0:00:04]} 48. Nd6+ {[%emt 0:00:05]} Kf3 {[%emt 0:00:20]} 49. Nxc4 {[%emt 0:00:08]} a4 {[%emt 0:00:09]} 50. Nd6 {[%emt 0:00:03]} Ne7 {[%emt 0:00:18]} 51. c4 {[%emt 0:00:03]} Kg2 {[%emt 0:00:03]} 52. Kc3 {[%emt 0:00:03]} Kxh2 {[%emt 0:00:04]} 53. Kb4 {[%emt 0:00:00]} Kxg3 {[%emt 0:00:05]} 54. Kxa4 {[%emt 0:00:16]} Kxf4 {[%emt 0:00:01]} 55. c5 {[%emt 0:00:00]} h5 {[%emt 0:00:00]} 56. Nf7 {[%emt 0:00:14]} h4 {[%emt 0:00:13]} 57. Nh6 {[%emt 0:00:04]} h3 {[%emt 0:00:03]} 58. Kb5 {[%emt 0:00:00]} h2 {[%emt 0:00:02]} 59. c6 {[%emt 0:00:00]} Nxc6 {[%emt 0:00:02]} 0-1

[Event "Balkan Youth Online-ch 2020"]
[Site "Online"]
[Date "2020.10.31"]
[Round "3.23"]
[White "Makridis, Dimitrios"]
[Black "Yavuz, Efe Metehan"]
[Result "1-0"]
[WhiteElo "2226"]
[BlackElo "1981"]
[Annotator "TA"]
[PlyCount "27"]
[EventDate "2020.10.31"]
[EventType "swiss"]
[SourceTitle "playchess.com"]
[Source "ChessBase"]
[SourceQuality "1"]

{[%evp 13,26,9,15,-21,11,15,0,-1,867,526,802,812,29998,29999,29999]} 1. e4 e5 2. Nf3 Nf6 3. Nxe5 d6 4. Nf3 Nxe4 5. Nc3 Nxc3 6. dxc3 Be7 7. Bd3 O-O 8. h4 {C42: Petroff Defence: 3 Nxe5 and unusual White 3rd moves.} Re8 9. Be3 {[#]} Nd7 $146 ({Predecessor:} 9... Bf6 10. Qd2 Be6 11. O-O-O c6 12. c4 c5 13. Bg5 Nd7 14. b3 Qb6 15. Bf1 Rac8 16. Qxd6 {1-0 (53) Saric,Z (1943)-Barbageorgopoulou,D (1715) Sibenik 2007}) 10. Ng5 {The position is equal.} h6 $2 {[%mdl 8192]} (10... Nf6 $11) 11. Bh7+ Kf8 {[#]} 12. Nxf7 $1 {[%mdl 576] Back Rank} Kxf7 13. Qd5+ Kf6 14. Qf5# {White took control after the opening.} 1-0

[Event "Balkan Youth Online-ch 2020"]
[Site "Online"]
[Date "2020.10.31"]
[Round "3.24"]
[White "Creanga, Robert-Ionut"]
[Black "Ristic, Luka"]
[Result "1-0"]
[WhiteElo "2053"]
[BlackElo "2262"]
[Annotator "TA"]
[PlyCount "99"]
[EventDate "2020.10.31"]
[EventType "swiss"]
[SourceTitle "playchess.com"]
[Source "ChessBase"]
[SourceQuality "1"]

{[%evp 10,99,75,48,39,34,54,28,28,32,47,18,29,38,27,33,38,34,45,38,43,39,35,0,21,10,10,15,51,15,26,17,33,0,9,15,18,0,44,7,127,98,351,316,336,332,331,292,302,293,440,439,448,345,335,305,465,469,521,478,461,445,445,319,532,556,972,927,883,733,717,700,1010,984,926,762,1115,1128,1060,1093,1154,1118,939,783,1800,1585,29976,29969,29991,29992,29993,29994]} 1. d4 Nf6 2. c4 c5 3. d5 g6 4. Nc3 Bg7 5. e4 d6 6. Nge2 e6 {E70: King's Indian: Miscellaneous lines with 4 e4, including 5 Nge2 and 5 Bd3 0-0 6 Nge2.} 7. Ng3 h5 8. Be2 exd5 {White has an edge.} 9. cxd5 Nbd7 10. f3 a6 11. a4 Nh7 12. Be3 O-O 13. O-O h4 14. Nh1 f5 15. exf5 gxf5 {[#]} 16. Bf4 $146 ({Predecessor:} 16. Nf2 f4 17. Bd2 Ne5 18. Kh1 Nf6 19. Bxf4 Nh5 20. Bd2 Ng3+ 21. hxg3 hxg3 {½-½ (49) Kortschnoj,V (2567)-Cheparinov,I (2650) Porto Carras 2011}) 16... Bd4+ 17. Nf2 Ne5 18. Kh1 Ng6 19. Bh6 Re8 20. Nh3 Qf6 21. f4 Bd7 22. Bh5 Re3 23. Qb3 Rb8 24. Qb6 {Threatens to win with Bg5.} Bxc3 (24... Ngf8 $11 25. Bg5 Nxg5 26. fxg5 Qe7) 25. bxc3 $16 {And now Bg5 would win.} Ne7 $2 {[%mdl 8192] Loses the game.} (25... Ngf8 $16) 26. Qc7 $1 $18 {[%csl LRb8,LRd7]} Rc8 27. Qxd7 Qxh6 28. Bf3 Qf6 29. c4 ({Don't play} 29. Qxb7 $6 Qxc3 30. Qxa6 Rd8 $18) 29... Qc3 (29... Rb8 $142 30. Rae1 Rxe1 31. Rxe1 Ng6) 30. Rac1 Qf6 31. Qxb7 Re8 32. Qxa6 Nc8 (32... Ng6 {was necessary.} 33. Bh5 Nhf8) 33. a5 Qb2 34. Qb5 Qd2 35. Rcd1 Qc2 36. Qb1 Qxc4 $2 (36... Qxb1 37. Rxb1 Nf6) 37. Qxf5 {Strongly threatening Ng5.} Ne7 38. Qg4+ {[%mdl 64] [#] Double Attack} Kh8 39. Qxh4 Nf5 40. Qh5 Qc2 41. Rc1 Qd3 42. Rfd1 Qa6 43. Qxf5 Qxa5 44. Rf1 Qd8 45. Ng5 Nxg5 46. Qxg5 Qc7 47. f5 c4 48. f6 {White mates.} c3 49. Rxc3 {[%mdl 64] [#] Promotion} Rxc3 50. Qh5+ {[%mdl 64] Double Attack. Av CentiPawn Loss W=-31/B=-95. Weighted=-36/-128} 1-0

[Event "Balkan Youth Online-ch 2020"]
[Site "Online"]
[Date "2020.10.31"]
[Round "3.25"]
[White "Stefanou, Dimitrios"]
[Black "Herega, Nejc"]
[Result "1/2-1/2"]
[WhiteElo "2099"]
[BlackElo "2052"]
[Annotator "TA"]
[PlyCount "107"]
[EventDate "2020.10.31"]
[EventType "swiss"]
[SourceTitle "playchess.com"]
[Source "ChessBase"]
[SourceQuality "1"]

{[%evp 24,107,52,45,45,35,53,33,31,26,51,17,57,52,51,51,50,50,55,48,60,63,51,47,70,71,138,132,141,145,199,175,655,677,662,630,616,590,714,683,895,875,931,743,728,365,1239,1146,1198,1139,1303,1257,1454,1447,2281,2319,29990,66,855,0,29995,29989,29994,29989,29999,29996,29996,1612,1302,18,8,8,40,0,0,0,0,0,0,0,0,0,0,0,0,0]} 1. Nf3 Nf6 2. b3 e6 3. Bb2 Be7 4. g3 b6 5. Bg2 Bb7 6. O-O O-O 7. c4 c5 8. Nc3 d6 9. d4 Nbd7 10. Re1 a6 11. e4 cxd4 12. Nxd4 Qc7 13. Qe2 Rfd8 {A30: Symmetrical English: Double Fianchetto and Hedgehog.} 14. Rad1 Rac8 15. g4 g6 {[#] White is slightly better.} 16. h3 $146 ({Predecessor:} 16. Rd3 Nc5 17. Rh3 e5 18. Nd5 Nxd5 19. exd5 Bg5 20. Nf3 Bf4 21. Bc1 Bxc1 22. Rxc1 {½-½ (60) Mera Cedeno,A (2365)-Munoz Sotomayor,H (2215) Ecuador 1999}) 16... Nc5 17. Bc1 e5 18. Nc2 b5 19. Nb4 bxc4 20. g5 $36 {[%mdl 2048] White fights for an advantage.} Nh5 21. Nbd5 Bxd5 22. Nxd5 Qb7 23. bxc4 Ne6 24. h4 Nd4 (24... Kg7 $142) 25. Rxd4 $16 exd4 26. e5 Qa7 (26... Kh8 $16) 27. e6 $18 {[%mdl 1024] White has strong compensation.} f5 $2 (27... Kh8) 28. Bb2 Re8 29. Qd3 Qc5 30. Bf1 Bd8 31. Bxd4 Qc6 32. e7 Ba5 33. Re6 Qd7 34. Qe3 {Bg2 is the strong threat.} Kf7 $2 {[#]} (34... Bd2 35. Qe2 Kf7) 35. Rf6+ $1 {[%mdl 512]} Nxf6 36. gxf6 f4 37. Qxf4 Qf5 38. Qh6 Qg4+ 39. Bg2 {White wants to mate with Nf4.} Rxc4 40. Qg7+ (40. Nf4 $142 Rc1+ 41. Kh2 Qxg2+ 42. Kxg2 Rg1+ 43. Kxg1 Rc8 44. Qxh7+ Ke8 45. f7+ Kd7 46. f8=N+ {[%mdl 64] Double Attack} Ke8 47. Qxg6+ {[%mdl 64] Double Attack} Kxe7 48. Bf6+ Kxf8 49. Ne6#) 40... Ke6 41. f7 $2 ({White has to play} 41. Ne3 $1 $18 {[%cal Re3g4]} Rc1+ 42. Kh2 Qf4+ 43. Kh3) 41... Qxh4 $2 {[%mdl 8192]} (41... Rc1+ $11 42. Kh2 Qxh4+ 43. Bh3+ Kxd5) 42. Be3 Rxe7 43. Nxe7 {[%cal Rf7f8]} Rb4 44. Bd5+ Kd7 45. Bc6+ (45. f8=N+ $142 Kc7 46. Nc6+ $1 {[%mdl 576] Double Attack} Qe7 47. Qxe7+ Kc8 48. Be6#) 45... Kc7 {[#]} 46. Nd5+ $2 ({White must play} 46. Nf5 $1 $18 {[%mdl 512]} Rb1+ (46... gxf5 47. f8=Q+) 47. Kg2 Qh1+ 48. Kg3 Kxc6 49. f8=Q Rg1+ 50. Kf4 Qh2+ 51. Ng3 Qh4+ 52. Kf3 Rxg3+ 53. fxg3 Qh1+ 54. Kg4 Qe4+ 55. Qf4 (55. Bf4 Qe2+ 56. Kh3 Qf1+ 57. Kh2 Qf2+ 58. Kh3 Qf1+ 59. Kh2 Qf2+ 60. Kh3 Qf1+ $11) 55... Qe6+ 56. Kf3 Qd5+ 57. Kf2) 46... Kxc6 $11 47. Nxb4+ Bxb4 48. Kf1 Qc4+ {The position is equal.} 49. Kg1 Qg4+ 50. Kf1 Qd1+ 51. Kg2 {Threatens to win with Bf4.} Qg4+ 52. Kf1 Qd1+ 53. Kg2 {And now Bf4 would win.} Qg4+ 54. Kf1 {Black defended with fortune. Av CentiPawn Loss W=-117/B=-139. Weighted=-144/-158} 1/2-1/2

[Event "Balkan Youth Online-ch 2020"]
[Site "Online"]
[Date "2020.10.31"]
[Round "3.26"]
[White "Xheladini, Valton"]
[Black "Djurovic, Peko"]
[Result "0-1"]
[WhiteElo "1440"]
[BlackElo "2074"]
[Annotator "TA"]
[PlyCount "105"]
[EventDate "2020.10.31"]
[EventType "swiss"]
[SourceTitle "playchess.com"]
[Source "ChessBase"]
[SourceQuality "1"]

{[%evp 11,105,31,32,31,33,35,77,39,35,30,36,0,25,20,30,0,17,0,0,2,6,0,0,0,14,-72,-72,-79,-77,-79,-70,-101,-103,-103,-97,-97,-97,-118,-112,-117,-112,-120,-115,-145,-145,-161,-145,-145,-145,-147,-145,-147,-152,-161,-154,-145,-113,-202,-113,-188,-113,-1353,-1278,-1633,-1601,-1464,-1526,-2253,-1859,-29975,-29976,-29975,-29976,-29976,-29967,-29970,-29969,-29978,-29979,-29979,-29980,-29980,-29981,-29981,-29982,-29982,-29982,-29983,-29984,-29984,-29983,-29985,-29986,-29986,-29987,-29987]} 1. e4 c5 2. Nf3 Nc6 3. Bb5 Nf6 4. Nc3 g6 5. e5 Ng4 6. Bxc6 dxc6 7. d3 {B30: Sicilian: 2...Nc6 3 Bb5, lines without ...g6.} (7. h3 {feels hotter.} Nh6 8. Ne4 b6 9. a4 a5 10. O-O) 7... Bg7 8. Qe2 O-O 9. h3 {White is better.} (9. Bf4 {with more complications.} Qb6 10. O-O-O Nh6 11. Ne4 Bg4 12. h3) 9... Nh6 {[#]} 10. Bxh6 $146 ({Predecessor:} 10. Ne4 b6 11. Bf4 Qd5 12. g4 f6 13. c4 Qe6 14. O-O-O Nf7 15. Kb1 fxe5 16. Bg3 {1-0 (36) Chen,Q (2453)-Srijit,P (2361) Xingtai 2019}) 10... Bxh6 11. Ne4 b6 12. O-O Bg7 13. c3 Ba6 14. Rfd1 Qc7 15. Ng3 Rad8 16. b3 Qd7 17. c4 Qe6 18. d4 (18. a3 $11 {keeps the balance.}) 18... cxd4 $17 19. Nxd4 {[#]} Rxd4 $1 {[%mdl 512]} 20. Rxd4 {Black must now prevent Rad1.} Qxe5 21. Qxe5 Bxe5 22. Rad1 {And now Rd7 would win.} Bxd4 23. Rxd4 {[%mdl 4096] Endgame KRB-KRN} Bc8 24. f4 f6 25. Ne2 Re8 26. Re4 Kf7 27. Kf2 c5 28. Nc3 Bb7 29. Re2 Rd8 30. g3 Rd3 31. Re3 Rd2+ 32. Re2 Rxe2+ 33. Kxe2 $19 {KB-KN} e5 34. Ke3 (34. fxe5 $17 {was worth a try.} fxe5 35. Nb5) 34... Bg2 (34... exf4+ $19 35. Kxf4 Ke6) 35. h4 (35. fxe5 $17 fxe5 36. h4) 35... Bc6 (35... exf4+ $19 36. Kxf4 Ke6) 36. Ne4 $2 {[%mdl 8192] White does not recover from this.} (36. fxe5 $17 fxe5 37. g4) 36... exf4+ 37. Kxf4 Bxe4 38. Kxe4 {KP-KP} Ke6 39. g4 f5+ 40. gxf5+ gxf5+ {Black mates.} 41. Kf4 Kf6 42. a3 a6 {[%cal Ba7a6,Ba6a5][%mdl 32]} 43. b4 a5 44. bxc5 bxc5 45. h5 h6 46. a4 Ke6 47. Kf3 Ke5 48. Ke3 {[#]} f4+ $1 49. Kf3 Kf5 50. Kf2 Kg4 51. Kg2 Kxh5 52. Kf3 Kg5 53. Kf2 {Av CentiPawn Loss W=-75/B=-17. Weighted=-86/-25} 0-1

[Event "Balkan Youth Online-ch 2020"]
[Site "Online"]
[Date "2020.10.31"]
[Round "3.27"]
[White "Stamatiou, Rodolfos"]
[Black "Oltean, Cristian-Daniel"]
[Result "1-0"]
[WhiteElo "2015"]
[BlackElo "2001"]
[Annotator "TA"]
[PlyCount "116"]
[EventDate "2020.10.31"]
[EventType "swiss"]
[SourceTitle "playchess.com"]
[Source "ChessBase"]
[SourceQuality "1"]

{[%evp 11,116,28,44,23,83,80,81,69,104,89,99,93,91,97,100,56,120,98,105,93,93,66,106,122,156,0,0,-120,-105,-116,-120,-181,0,0,0,-70,0,-4,0,0,0,0,0,9,44,43,50,44,56,54,53,55,54,56,65,61,454,135,85,97,191,184,446,442,436,441,433,432,566,564,483,466,797,687,1652,1601,1570,1385,29976,29977,29977,29978,29978,29979,29979,29980,29980,29980,29981,29982,29984,29983,29983,29984,29984,29985,29985,29986,29991,29987,29987,29987,29987,29988,29990,29991,29991]} 1. c4 c5 2. Nf3 Nc6 3. Nc3 g6 4. e3 Bg7 5. d4 cxd4 6. exd4 d6 7. Be3 {A35: Symmetrical English: 2 Nc3 Nc6 3 Nf3.} Nf6 (7... Bg4 $11) 8. d5 $16 Nb8 9. Be2 {White is better.} Nbd7 10. O-O O-O 11. h3 b6 12. Nd4 {Nc6 is the strong threat.} Bb7 {[#]} 13. f4 $146 ({Predecessor:} 13. b4 Rc8 14. b5 Nc5 15. Qc2 e6 16. Nc6 Bxc6 17. dxc6 Qe7 18. Rad1 Rfd8 19. Bf3 {1-0 (26) Morales,J (2374)-Cardenas,A (2036) Tunja 2018}) 13... Rc8 (13... e6 $14) 14. Ncb5 {[%cal Bc3b5,Bb5a7,Ba7c6][%mdl 32]} a6 {[#]} 15. Na7 $1 Ra8 16. Nac6 Qe8 17. Bf3 Nb8 {[#]} 18. g4 $2 (18. Re1 $1 $16) 18... e5 $11 19. Nc2 (19. fxe5 $11 {remains equal.} dxe5 20. Re1) 19... Nxc6 $17 20. dxc6 Bxc6 21. Qxd6 (21. Rc1 $17 {keeps fighting.}) 21... e4 $2 (21... Ne4 $19 22. Qa3 Ng3 23. Bxb6 Nxf1 24. Rxf1 Qe6 25. Bxc6 Qxc6) 22. Be2 $36 {[%mdl 2048] White has the initiative.} Rd8 23. Qb4 ({White should play} 23. Qe5 $11) 23... Nd7 (23... b5 $1 $15) 24. Rad1 Nc5 {White should prevent ...Nd3.} 25. Qxb6 Nd3 {And now ...Rb8 would win.} 26. b3 Bc3 27. Bd2 ({Wrong is} 27. Qxa6 $2 Ra8 $19) 27... Bxd2 (27... Bf6 {with more complications.} 28. Ba5 Be7 29. Kh2 Nxf4 30. Rxd8 Bxd8 31. Qxd8 Qxd8 32. Bxd8 Rxd8 33. Rxf4 Rd2) 28. Rxd2 Nxf4 29. Rxd8 Nxe2+ 30. Kf2 Qxd8 31. Qxd8 Rxd8 32. Kxe2 $14 {[%mdl 4096] Endgame KRB-KRN} Kg7 33. g5 Rd3 $2 {[%mdl 8192]} (33... Rh8 $14) 34. Ne3 $2 (34. Nb4 $18 {is the precise move to win.}) 34... Bd7 35. h4 Bh3 (35... a5 $16 {might work better.}) 36. Rf4 $18 Bf5 $2 (36... Rd4 37. Nc2 Rd7 38. Rxe4 h6) 37. Nxf5+ gxf5 38. Rxf5 {KR-KR} Rh3 39. Rf4 Rh2+ 40. Ke3 Rxa2 41. Kxe4 a5 (41... Ra3 $142 42. Rf3 Ra5) 42. Kd5 Rd2+ 43. Rd4 Rb2 44. c5 Rxb3 45. c6 {White mates.} Rc3 46. Rc4 Rd3+ 47. Kc5 Rd8 48. c7 Rc8 49. Kb6 f6 50. Kb7 Rf8 51. c8=Q Rxc8 52. gxf6+ Kxf6 53. Kxc8 {KR-KPP} Kf5 54. Kd7 h5 55. Ke7 Ke5 56. Kf7 Kd5 57. Ra4 Kd6 58. Rxa5 Kd7 {Av CentiPawn Loss W=-23/B=-70. Weighted=-29/-63} 1-0

[Event "Balkan Youth Online-ch 2020"]
[Site "Online"]
[Date "2020.10.31"]
[Round "3.28"]
[White "Dafa, Sirio"]
[Black "Erdogan, Tekin Alp"]
[Result "0-1"]
[WhiteElo "1004"]
[BlackElo "1828"]
[Annotator "NA RC"]
[PlyCount "86"]
[EventDate "2020.10.31"]
[EventType "swiss"]
[SourceTitle "playchess.com"]
[Source "ChessBase"]
[SourceQuality "1"]
[TimeControl "1500+5"]

1. e4 {[%emt 0:00:00]} c6 {[%emt 0:00:00]} 2. d4 {[%emt 0:00:00]} d5 {[%emt 0:00:00]} 3. exd5 {[%emt 0:00:00]} cxd5 {[%emt 0:00:00]} 4. Bd3 {[%emt 0:00:00]} Nc6 {[%emt 0:00:00]} 5. c3 {[%emt 0:00:00]} Nf6 {[%emt 0:00:00]} 6. Bf4 {[%emt 0:00:00]} e6 {[%emt 0:00:00]} 7. Nd2 {[%emt 0:00:35]} Bd6 {[%emt 0:00:04]} 8. Bxd6 {[%emt 0:00:10]} Qxd6 {[%emt 0:00:10]} 9. Ngf3 {[%emt 0:00:02]} O-O {[%emt 0:00:00]} 10. O-O {[%emt 0:00:45]} Rb8 {[%emt 0:00:36] B13: Caro-Kann: Exchange Variation and Panov-Botvinnik Attack.} 11. a4 {[%emt 0:01:26]} h6 {[%emt 0:01:58]} 12. Re1 {[%emt 0:00:26] [#]} Nd7 $146 {[%emt 0:00:36]} ({Predecessor:} 12... Qc7 13. h3 a6 14. Qe2 b5 15. axb5 axb5 16. b4 Ne7 {½-½ (16) Kassuba,M-Korsus,B Lingen 1996}) 13. Qc2 {[%emt 0:01:50]} e5 {[%emt 0:01:35]} 14. dxe5 {[%emt 0:04:02]} Ndxe5 {[%emt 0:00:07]} 15. Bf5 {[%emt 0:01:45]} Qf6 {[%emt 0:00:55]} 16. Bxc8 {[%emt 0:02:08]} Rfxc8 {[%emt 0:00:00]} 17. Nxe5 {[%emt 0:01:46]} Nxe5 {[%emt 0:00:00]} 18. Nb3 {[%emt 0:01:05]} Ng6 {[%emt 0:02:03]} 19. Nd4 {[%emt 0:00:53]} Qxd4 {[%emt 0:06:43]} (19... Ne5 $14) 20. Qxg6 {[%emt 0:04:07]} Qxc3 $1 {[%emt 0:00:14]} 21. Qf5 {[%emt 0:03:33]} Qxb2 {[%emt 0:00:44]} 22. Qxd5 {[%emt 0:00:03]} Rc2 {[%emt 0:00:44]} 23. Rab1 {[%emt 0:00:57]} Qf6 {[%emt 0:00:31]} 24. Rf1 {[%emt 0:00:43]} b6 {[%emt 0:00:03]} 25. Qd7 {[%emt 0:00:18]} a5 {[%emt 0:00:36]} 26. Qb5 {[%emt 0:00:14]} g6 {[%emt 0:00:13]} 27. Qb3 {[%emt 0:00:04]} Qf5 {[%emt 0:00:04]} 28. Qg3 {[%emt 0:00:05]} Rb7 {[%emt 0:00:26]} 29. Rb5 {[%emt 0:00:13]} Qe6 {[%emt 0:00:46]} 30. Rfb1 {[%emt 0:00:05]} Kh7 {[%emt 0:00:14]} 31. h3 {[%emt 0:00:00]} Qc6 $17 {[%emt 0:00:14]} 32. Qf4 {[%emt 0:00:01]} Rc4 {[%emt 0:00:18]} 33. Qe3 {[%emt 0:00:14]} Rxa4 {[%emt 0:00:10]} 34. Rxb6 {[%emt 0:00:00]} Rxb6 {[%emt 0:00:00]} 35. Qxb6 {[%emt 0:00:00]} Qc4 {[%emt 0:00:23]} 36. Qb7 {[%emt 0:00:05]} Rb4 {[%emt 0:00:00]} 37. Rxb4 {[%emt 0:00:00]} axb4 {[%emt 0:00:00]} 38. Kh2 {[%emt 0:00:00]} b3 {[%emt 0:00:00]} 39. g3 {[%emt 0:00:00]} Kg7 {[%emt 0:00:00]} 40. Qb8 {[%emt 0:00:00]} Qc3 {[%emt 0:00:00]} 41. Qb7 {[%emt 0:00:14]} b2 {[%emt 0:00:00]} 42. Qe4 {[%emt 0:00:00]} Qb3 {[%emt 0:00:17]} 43. Qd4+ {[%emt 0:00:19]} Kh7 {[%emt 0:00:00]} 0-1